|
|
|
|
| LEADER |
01854cas a2200253 a 4500 |
| 001 |
AALejournalIMF017175 |
| 008 |
230101c9999 xx r poo 0 0eng d |
| 020 |
|
|
|c 5.00 USD
|
| 020 |
|
|
|z 9781475544923
|
| 022 |
|
|
|a 1018-5941
|
| 040 |
|
|
|a BD-DhAAL
|c BD-DhAAL
|
| 100 |
1 |
|
|a Blagrave, Patrick.
|
| 245 |
1 |
0 |
|a Estimating Potential Output in Chile :
|b A Multivariate Filter for Mining and Non-Mining Sectors /
|c Patrick Blagrave, Marika Santoro.
|
| 264 |
|
1 |
|a Washington, D.C. :
|b International Monetary Fund,
|c 2016.
|
| 300 |
|
|
|a 1 online resource (32 pages)
|
| 490 |
1 |
|
|a IMF Working Papers
|
| 500 |
|
|
|a <strong>Off-Campus Access:</strong> No User ID or Password Required
|
| 500 |
|
|
|a <strong>On-Campus Access:</strong> No User ID or Password Required
|
| 506 |
|
|
|a Electronic access restricted to authorized BRAC University faculty, staff and students
|
| 520 |
3 |
|
|a Using a multivariate filter, we estimate potential growth rates in Chile's mining and non-mining sectors. Estimates for the mining sector incorporate information on copper prices, whereas estimates for non-mining reflect information on inflation and unemployment rates. To better understand the drivers of potential growth, we decompose estimates into capital, labor (adjusted for human-capital and hours worked), and total-factor productivity using a production-function. Our estimates of potential output in Chile suggest that an important part of the recent growth slowdown has been structural, with potential-output growth slowing to 2 1\2 percent in recent years, although it plausibly could be higher in the medium-term.
|
| 538 |
|
|
|a Mode of access: Internet
|
| 700 |
1 |
|
|a Santoro, Marika.
|
| 830 |
|
0 |
|a IMF Working Papers; Working Paper ;
|v No. 2016/201
|
| 856 |
4 |
0 |
|z Full text available on IMF
|u http://elibrary.imf.org/view/journals/001/2016/201/001.2016.issue-201-en.xml
|z IMF e-Library
|